000 01055nam a2200277 a 4500
001 000005241
003 OSt
005 20200929151622.0
008 090818s1998 es ab 001 0 spa d
020 _a8400077253
040 _aDO-SdBNP
_bspa
_cBNPHU
082 _axxxx
_bxxxx
245 0 0 _aSistemas de información geográfica en la planificación ambiental de áreas de montaña. /
_cJosé Luis Labrandero Sanz, Javier Martínez Vega ; prólogo César Nombela Cano.
260 _aMadrid, España :
_bConsejo Superior de Investigaciones Científicas,
_c1998.
300 _a136 p. :
_bil., map. ;
_c29 cm.
490 1 _aEstudios Ambientales
500 _aIncluye índice
500 _aIncluye notas al pie de las páginas
500 _aIncluye anexo cartográficos
504 _aBibliografía : p. 131-134
700 1 _aMartínez Vega, Javier,
_ecoord. y red.
_914954
700 1 _aLabrandero Sanz, José Luis,
_ecoord. y red.
_914955
700 1 _aNombela Cano, César,
_epról.
_914956
830 0 _aEstudios Ambientales
_914957
942 _2ddc
_cLF1
999 _c5042
_d5042